Factors That Influence Customer Satisfaction in Spa Services/The Case of the Greek 4* Hotels in the Metropolitan Area of Athens (Record no. 8552)
[ view plain ]
| 000 -LEADER | |
|---|---|
| fixed length control field | 01123cam a22001934a 4500 |
| 005 - ΗΜΕΡΟΜΗΝΙΑ ΚΑΙ ΩΡΑ ΤΕΛΕΥΤΑΙΑΣ ΕΝΗΜΕΡΩΣΗΣ | |
| Πεδίο ελέγχου | 20250605164339.0 |
| 008 - FIXED-LENGTH DATA ELEMENTS--GENERAL INFORMATION | |
| Πεδίο ελέγχου σταθερού μήκους | 250528s ||||||||||||||||||||||||d |
| 035 ## - SYSTEM CONTROL NUMBER | |
| System control number | 23551 |
| 040 ## - ΠΗΓΗ ΚΑΤΑΛΟΓΟΓΡΑΦΗΣΗΣ | |
| Φορέας πρωτότυπης καταλογογράφησης | MC Athens Campus Library |
| Γλώσσα καταλογογράφησης | Ελληνικά, Μοντέρνα (1453-) |
| Modifying agency | MC Athens Campus Library |
| Κανόνες περιγραφικής καταλογογράφησης | AACR2 |
| 245 1# - ΤΙΤΛΟΣ ΚΑΙ ΔΗΛΩΣΗ ΥΠΕΥΘΥΝΟΤΗΤΑΣ | |
| Τίτλος | Factors That Influence Customer Satisfaction in Spa Services/The Case of the Greek 4* Hotels in the Metropolitan Area of Athens |
| 260 ## - PUBLICATION, DISTRIBUTION, ETC. | |
| Date of publication, distribution, etc. | 2019 |
| 300 ## - PHYSICAL DESCRIPTION | |
| Extent | 75 |
| 520 ## - SUMMARY, ETC. | |
| Summary, etc. | Introduction, Literature Review, Spas Growth, Managers' Perception of Quality, Efforts to Increase Spas Popularity, Reasons to Visit a Spa Center, Customer Satisfaction, Service Quality and Customer Satisfaction: Connection, Research Methodology, Research: General Information, Methodological Approaches: General, Methodological Approaches: Quantitative, Methodological Approaches: Qualitative, Data Presentation - Findings, Data Analysis, General, Questionnaire Analysis, Interviews Analysis, Recommendations, Conclusion, Personal Perspective, References, Appendices. |
| 700 1# - ΠΡΟΣΘΕΤΗ ΑΝΑΓΡΑΦΗ--ΦΥΣΙΚΟ ΠΡΟΣΩΠΟ | |
| Personal name | Painesis Gregorios |
| 9 (RLIN) | 9069 |
| 700 1# - ΠΡΟΣΘΕΤΗ ΑΝΑΓΡΑΦΗ--ΦΥΣΙΚΟ ΠΡΟΣΩΠΟ | |
| Personal name | Vlantova Viktoria |
| 9 (RLIN) | 9127 |
| 942 ## - ADDED ENTRY ELEMENTS (KOHA) | |
| Koha item type | Διπλωματική εργασία |
| Τύπος τεκμηρίου | Βιβλιοθήκη | Τρέχουσα τοποθεσία | Barcode | Ημερομηνία απόκτησης | Ταξιθετικό σύμβολο | Αριθμός αντιτύπου | Κατάσταση απόσυρσης | Κατάσταση χαμένου | Κατάσταση κατεστραμμένου | Μη δανεισμός | Σύνολο δανεισμών | Ημερομηνία τελευταίας εμφάνισης | Η τιμή ισχύει από |
|---|---|---|---|---|---|---|---|---|---|---|---|---|---|
| Διπλωματική εργασία | MC Athens Campus Library | MC Athens Campus Library | 9780000085511 | 05/06/2025 | TOUR 2019 (3) | 1 | 05/06/2025 | 05/06/2025 |